[Event "TCh-CRO Gp1A"]
[Site "Sibenik CRO"]
[Date "2010.09.09"]
[Round "6"]
[White "Fercec,N"]
[Black "Kutuzovic,B"]
[Result "1-0"]
[WhiteElo "2498"]
[BlackElo "2334"]
[EventDate "2010.09.04"]

1. e4 c5 2. Nf3 d6 3. d4 cxd4 4. Nxd4 Nf6 5. Nc3 a6 6. Bg5 e6 7. f4 Qb6 8.
Qd3 Qxb2 9. Rb1 Qa3 10. f5 Nc6 11. fxe6 fxe6 12. Nxc6 bxc6 13. Be2 Qa5 14.
Bxf6 gxf6 15. O-O Be7 16. Bg4 O-O 17. Kh1 Ra7 18. Ne2 f5 19. exf5 exf5 20.
Bh3 Qd5 21. Qg3+ Kh8 22. Nf4 Qc4 23. Nh5 Rg8 24. Qf2 c5 25. Rb8 Qh4 26. Qf3
Qc4 27. Bxf5 Rc7 28. h3 Rf8 29. Rf2 Bh4 30. Bxc8 Rfxc8 31. Qf8+ Qg8 32.
Qxd6 1-0

[Event "TCh-CRO Gp1A"]
[Site "Sibenik CRO"]
[Date "2010.09.09"]
[Round "6"]
[White "Muse,D"]
[Black "Leventic,I"]
[Result "1/2-1/2"]
[WhiteElo "2370"]
[BlackElo "2498"]
[EventDate "2010.09.04"]

1. d4 d5 2. Nf3 Nf6 3. c4 c6 4. e3 Bf5 5. Bd3 Bxd3 6. Qxd3 e6 7. O-O Nbd7
8. Nc3 Bb4 9. a3 Bxc3 10. Qxc3 a5 11. b3 O-O 12. Bb2 Ne4 1/2-1/2

[Event "TCh-CRO Gp1A"]
[Site "Sibenik CRO"]
[Date "2010.09.09"]
[Round "6"]
[White "Kosic,D"]
[Black "Postny,E"]
[Result "1/2-1/2"]
[WhiteElo "2481"]
[BlackElo "2595"]
[EventDate "2010.09.04"]

1. d4 d5 2. c4 dxc4 3. Nf3 Nf6 4. e3 e6 5. Bxc4 a6 6. O-O b5 7. Be2 Bb7 8.
Nbd2 Nbd7 9. Nb3 c5 10. Nxc5 Nxc5 11. dxc5 Bxc5 12. Qxd8+ Rxd8 13. b3 Ne4
14. Bb2 f6 15. Rfd1 Ke7 16. Rxd8 Rxd8 17. Rd1 Rxd1+ 18. Bxd1 e5 19. Ne1 a5
20. Nc2 b4 21. Be2 Nd2 22. Bd3 g6 23. Bc1 Ne4 24. Bb2 Bd5 25. Kf1 Nd6 26.
Bc1 Ne4 27. Bb2 Bd6 28. f3 Nc5 29. Be2 f5 30. h3 e4 31. Ke1 f4 32. Bd4 Ne6
33. Bb6 a4 34. Ba5 axb3 35. axb3 Bxb3 36. Nxb4 fxe3 37. fxe4 Bg3+ 38. Kf1
Kd6 39. Bb6 Bf4 40. Bd3 Bh6 41. g3 Bd1 42. Be2 Bb3 43. Bd3 Bd1 44. Be2 Bb3
45. Bd3 1/2-1/2

[Event "TCh-CRO Gp1A"]
[Site "Sibenik CRO"]
[Date "2010.09.09"]
[Round "6"]
[White "Palac,M"]
[Black "Miladinovic,I"]
[Result "1/2-1/2"]
[WhiteElo "2561"]
[BlackElo "2560"]
[EventDate "2010.09.04"]

1. e4 c5 2. Nf3 Nc6 3. Nc3 e6 4. d4 cxd4 5. Nxd4 Qc7 6. Be2 a6 7. O-O Nf6
8. Be3 Bb4 9. Na4 Be7 10. Nxc6 bxc6 11. Nb6 Rb8 12. Nxc8 Qxc8 13. Bd4 Qc7
14. e5 Nd5 15. c4 Nf4 16. g3 Nxe2+ 17. Qxe2 c5 18. Bc3 Qc6 19. Rad1 h5
1/2-1/2

[Event "TCh-CRO Gp1A"]
[Site "Sibenik CRO"]
[Date "2010.09.09"]
[Round "6"]
[White "Doric,D"]
[Black "Dizdar,G"]
[Result "1/2-1/2"]
[WhiteElo "2471"]
[BlackElo "2555"]
[EventDate "2010.09.04"]

1. d4 e6 2. c4 Nf6 3. Nf3 Bb4+ 4. Bd2 c5 5. Bxb4 cxb4 6. g4 h6 7. Rg1 b6 8.
Nbd2 Bb7 9. Qc2 d6 10. h4 Nfd7 11. g5 hxg5 12. hxg5 g6 13. O-O-O Nc6 14.
Kb1 Qe7 15. e3 O-O-O 16. Rc1 Kb8 17. Bd3 Rc8 18. Qb3 Rh3 19. Bf1 Rh5 20.
Bd3 e5 21. Qd1 Na5 22. Rg4 Qe6 23. Rg3 Qe7 24. Rg4 Qe6 25. Rg3 Qe7 26. Rg4
Qe6 27. Rg3 d5 1/2-1/2

[Event "TCh-CRO Gp1A"]
[Site "Sibenik CRO"]
[Date "2010.09.09"]
[Round "6"]
[White "Zelcic,R"]
[Black "Ramesa,D"]
[Result "1/2-1/2"]
[WhiteElo "2554"]
[BlackElo "2326"]
[EventDate "2010.09.04"]

1. e4 c5 2. Nf3 Nc6 3. d4 cxd4 4. Nxd4 g6 5. c4 Nf6 6. Nc3 d6 7. Be2 Nxd4
8. Qxd4 Bg7 9. Bg5 O-O 10. Qe3 Be6 11. O-O Qa5 12. Rab1 Rfc8 13. b3 a6 14.
Rfc1 Qd8 15. f4 Rab8 16. h3 Qe8 17. Qd3 Nd7 18. Qf3 Bf6 19. Bh6 Rc5 20. Qg3
Bxc3 21. Rxc3 Nf6 22. Qe3 Rbc8 23. Rbc1 a5 24. Qd4 Qc6 25. Re3 Qc7 26. Rf1
Ne8 27. f5 Bd7 28. Ref3 f6 29. Rg3 Kf7 30. Qd1 Ng7 31. Rf4 Rg8 32. Rh4 g5
33. Rhg4 Bxf5 34. exf5 Nxf5 35. Qc2 Re5 36. Rf3 Qc5+ 37. Kh2 Nxh6 38. Qxh7+
Rg7 39. Qxh6 Rxe2 40. Qh5+ Kf8 41. Qh8+ Rg8 42. Qh6+ Ke8 43. Qh7 Qe5+ 44.
Rgg3 Rf8 45. Rf5 Qe4 46. Rg4 Qc2 47. Qh5+ Kd7 48. Rb5 Kc7 49. Rg3 Re5 50.
Qf3 Rxb5 51. cxb5 Qc5 52. Rg4 Qe5+ 53. Kh1 d5 54. b4 axb4 55. b6+ Kd6 56.
Qd1 Qc3 57. Rd4 e6 58. Rd3 Qc4 59. Rd4 Qc5 60. Kh2 Rc8 61. Qd2 Qc3 62. Qf2
f5 63. Rd1 f4 64. Kh1 Qe3 65. Qb2 Qc3 66. Qe2 Qe3 67. Qb2 Qxb6 68. Re1 Rc6
69. Qe5+ Kd7 70. Qxg5 Qf2 71. Qg7+ Kc8 72. Qf8+ Kc7 73. Qxb4 f3 74. Qf4+
Kc8 75. Qf8+ Kc7 76. Qf4+ Kc8 77. Qf8+ Kc7 1/2-1/2

[Event "TCh-CRO Gp1A"]
[Site "Sibenik CRO"]
[Date "2010.09.09"]
[Round "6"]
[White "Vlahov,D"]
[Black "Loncar,R"]
[Result "0-1"]
[WhiteElo "2235"]
[BlackElo "2419"]
[EventDate "2010.09.04"]

1. Nf3 Nf6 2. d4 d5 3. Bf4 c5 4. c3 Nc6 5. e3 Qb6 6. Qb3 c4 7. Qxb6 axb6 8.
Na3 Ra5 9. Bc7 Bf5 10. Bxb6 Ra6 11. Bc5 Ne4 12. Nb5 Kd7 13. Nh4 Bg6 14.
Nxg6 hxg6 15. Na3 b6 16. Bb4 Nxb4 17. cxb4 e5 18. Nc2 exd4 19. exd4 b5 20.
Be2 Re6 21. O-O Bd6 22. h3 f5 23. Bf3 g5 24. Bxe4 Rxe4 25. Rfe1 Ra8 26. a3
g6 27. Kf1 Rh4 28. Rad1 Rah8 29. Re3 g4 30. hxg4 f4 31. Ree1 Rxg4 32. f3
Rg3 33. Kg1 g5 34. Kf2 Rh2 35. Rg1 g4 36. Ne1 Be7 37. fxg4 Rb3 38. Nf3
Rxb2+ 39. Rd2 Rxd2+ 40. Nxd2 Rh8 41. Rc1 Bh4+ 42. Kf3 Re8 43. Kxf4 Bf2 44.
Rd1 Bxd4 45. Nxc4 Re4+ 46. Kf5 bxc4 0-1

[Event "TCh-CRO Gp1A"]
[Site "Sibenik CRO"]
[Date "2010.09.10"]
[Round "7"]
[White "Bosiocic,Mari"]
[Black "Naiditsch,A"]
[Result "1/2-1/2"]
[WhiteElo "2557"]
[BlackElo "2674"]
[EventDate "2010.09.04"]

1. d4 Nf6 2. c4 e6 3. g3 d5 4. Bg2 dxc4 5. Nf3 Nc6 6. Qa4 Bb4+ 7. Bd2 Nd5
8. Bxb4 Ndxb4 9. O-O Rb8 10. Na3 O-O 11. Qb5 b6 12. Qxc4 Ba6 13. Nb5 Qd5
14. Qxd5 Nxd5 15. a4 Na5 16. Ne5 Rbd8 17. Nxa7 Nb4 18. Rac1 Rxd4 19. Nb5
Bxb5 20. axb5 f6 21. e3 Rdd8 22. Nf3 Rd7 23. Nd4 Kf7 24. f4 g6 25. Rc3 Ke7
26. Bh3 f5 27. Bg2 Kf6 28. Ra1 Rc8 29. Kf2 Nd5 30. Bxd5 Rxd5 31. Rac1 Rd7
32. Nf3 Nb7 33. Ne5 Re7 34. Rc6 Nd6 35. Ke2 Nxb5 36. Rxb6 cxb6 37. Rxc8 Nc7
38. Kd3 Nd5 39. e4 fxe4+ 40. Kxe4 Ra7 41. Rf8+ Kg7 42. Rb8 Ra4+ 43. Kd3 Rb4
44. Rb7+ Kg8 45. Kc2 Re4 46. Kd3 Rb4 47. Nc6 Rxb2 48. Nd4 Rxh2 49. Nxe6 Rg2
50. Kd4 Rd2+ 51. Ke5 Nc3 52. Rb8+ Kf7 53. Rb7+ Kg8 54. Ng5 Rd5+ 55. Ke6 Rf5
56. Nf7 Ra5 57. Nh6+ Kh8 58. g4 Ne4 59. Nf7+ Kg8 60. Nh6+ Kh8 61. Nf7+ Kg8
62. Nh6+ 1/2-1/2

[Event "TCh-CRO Gp1A"]
[Site "Sibenik CRO"]
[Date "2010.09.10"]
[Round "7"]
[White "Pavasovic,D"]
[Black "Kosic,D"]
[Result "1/2-1/2"]
[WhiteElo "2568"]
[BlackElo "2481"]
[EventDate "2010.09.04"]

1. e4 e6 2. d4 d5 3. Nd2 c5 4. Ngf3 cxd4 5. exd5 Qxd5 6. Bc4 Qd6 7. O-O Nf6
8. Nb3 Nc6 9. Nbxd4 Nxd4 10. Nxd4 a6 11. Re1 Qc7 12. Bb3 Bd7 13. Qe2 O-O-O
14. Be3 Bd6 15. h3 Kb8 16. c4 Bh2+ 17. Kh1 Bf4 18. Rad1 h5 19. Bxf4 Qxf4
20. Nf3 Bc6 21. Qe5+ Qxe5 22. Nxe5 Rxd1 23. Rxd1 Rf8 24. Rd4 Kc7 25. Bd1
Be8 26. f4 g6 27. Bf3 Nd7 28. Nxd7 Bxd7 29. Kg1 Bc6 30. Kf2 f6 31. Rd2
1/2-1/2

[Event "TCh-CRO Gp1A"]
[Site "Sibenik CRO"]
[Date "2010.09.10"]
[Round "7"]
[White "Miladinovic,I"]
[Black "Saric,Iv"]
[Result "1-0"]
[WhiteElo "2560"]
[BlackElo "2567"]
[EventDate "2010.09.04"]

1. d4 d5 2. c4 c6 3. cxd5 cxd5 4. Nc3 Nf6 5. Bf4 Nc6 6. e3 a6 7. Rc1 Bg4 8.
f3 Bh5 9. Qb3 Na5 10. Qa4+ Nc6 11. a3 e6 12. Nge2 Be7 13. Bg3 O-O 14. Nf4
Bg6 15. Qd1 Rc8 16. Nxg6 hxg6 17. Bd3 Na5 18. O-O Nc4 19. Qe2 b5 20. a4 Qa5
21. axb5 axb5 22. Ra1 Qb4 23. Rfb1 Ra8 24. Rxa8 Rxa8 25. Be1 Qd6 26. Nxb5
Qc6 27. b3 Nd6 28. Nc3 Nf5 29. Na4 Qc7 30. Qd2 Bd6 31. g4 Ne7 32. Qc2 Qb8
33. Nc5 e5 34. b4 exd4 35. exd4 Nc6 36. Qb2 Bxc5 37. dxc5 Qf4 38. Qd2 Qxf3
39. Be2 Qe4 40. Qd3 Ra2 41. Qxe4 Nxe4 42. Bd1 Ne5 43. Bg3 Nxg3 44. hxg3 Kf8
45. b5 Ke7 46. b6 Kd7 47. b7 Nc6 48. Bb3 Ra3 49. Bxd5 Nb8 50. c6+ Kc7 51.
Re1 Rxg3+ 52. Kf2 Rc3 1-0

[Event "TCh-CRO Gp1A"]
[Site "Sibenik CRO"]
[Date "2010.09.10"]
[Round "7"]
[White "Jovanic,O"]
[Black "Doric,D"]
[Result "1-0"]
[WhiteElo "2523"]
[BlackElo "2471"]
[EventDate "2010.09.04"]

1. c4 c5 2. Nf3 g6 3. e3 Nf6 4. Nc3 Bg7 5. d4 O-O 6. d5 d6 7. Be2 e6 8. O-O
exd5 9. cxd5 Bg4 10. h3 Bxf3 11. Bxf3 a6 12. a4 Nbd7 13. Qc2 c4 14. Be2 Qc7
15. Rd1 Qc5 16. a5 Rfc8 17. e4 b5 18. axb6 Nxb6 19. Na4 Qb5 20. Nxb6 Qxb6
21. Bxc4 Qc7 22. Ra4 Nd7 23. Be3 Nb6 24. Bxb6 Qxb6 25. b3 a5 26. g3 Ra7 27.
Kg2 Re7 28. Rd2 Bd4 29. Qd3 Bc5 30. Re2 Bb4 31. h4 Qd8 32. Qd4 Qf8 33. f4
Qg7 34. Qxg7+ Kxg7 35. e5 dxe5 36. fxe5 f6 37. e6 f5 38. Rxb4 1-0

[Event "TCh-CRO Gp1A"]
[Site "Sibenik CRO"]
[Date "2010.09.10"]
[Round "7"]
[White "Ramesa,D"]
[Black "Saric,A"]
[Result "1/2-1/2"]
[WhiteElo "2326"]
[BlackElo "2472"]
[EventDate "2010.09.04"]

1. Nf3 d5 2. d4 Nf6 3. c4 e6 4. g3 Bb4+ 5. Bd2 Be7 6. Bg2 O-O 7. O-O c6 8.
Bf4 b6 9. Ne5 Bb7 10. Nc3 Nbd7 11. Qb3 Nxe5 12. Bxe5 Qd7 13. cxd5 cxd5 14.
Bxf6 Bxf6 15. e3 Ba6 16. Rfc1 Rac8 17. Qd1 Be7 18. Rc2 Rc7 19. Rac1 Rfc8
20. h4 Bb4 21. Nb1 g6 22. Rxc7 Rxc7 23. b3 Qc8 24. Rxc7 Qxc7 25. Bf1 Bc8
26. Bd3 Bd7 27. Qc2 Qxc2 28. Bxc2 Bb5 29. a3 Bd6 30. f4 h5 31. Kf2 Kg7 32.
Nc3 Bd7 33. a4 Bb4 34. Na2 Bd6 35. Bd3 Bc6 1/2-1/2

[Event "TCh-CRO Gp1A"]
[Site "Sibenik CRO"]
[Date "2010.09.10"]
[Round "7"]
[White "Zufic,M"]
[Black "Ramesa,M"]
[Result "1-0"]
[WhiteElo "2429"]
[BlackElo "2229"]
[EventDate "2010.09.04"]

1. e4 c5 2. Nf3 e6 3. d4 cxd4 4. Nxd4 Nc6 5. Nc3 Qc7 6. Be3 a6 7. Qd2 Nf6
8. O-O-O Bb4 9. f3 O-O 10. g4 Ne5 11. g5 Nh5 12. Kb1 Bxc3 13. Qxc3 Qxc3 14.
bxc3 d5 15. Be2 Ng6 16. Nb3 dxe4 17. fxe4 Nhf4 18. Bf3 e5 19. h4 Ne6 20.
Na5 Re8 21. Nc4 b5 22. Nd6 Rd8 23. Bg4 Ngf4 24. Bxf4 exf4 25. e5 Ra7 26.
Rhf1 Rc7 27. Kb2 Rc5 28. Nxc8 Rdxc8 29. Bxe6 fxe6 30. Rxf4 Rxe5 31. Rd7 Rf5
32. Re4 e5 33. Rd6 Re8 34. Rxa6 Rf4 35. Re2 e4 36. Rd6 Rxh4 37. Rd4 Rg4 38.
Rd5 e3 39. Rxb5 Rf4 40. c4 Rf2 41. Re1 Kf7 42. a4 Kg6 43. Kc3 Rg2 44. a5
Rxg5 45. a6 Re6 46. Ra1 e2 47. a7 Rg3+ 48. Kb2 Ra6 49. Re1 1-0

[Event "TCh-CRO Gp1A"]
[Site "Sibenik CRO"]
[Date "2010.09.10"]
[Round "7"]
[White "Khenkin,I"]
[Black "Tiviakov,S"]
[Result "1/2-1/2"]
[WhiteElo "2614"]
[BlackElo "2637"]
[EventDate "2010.09.04"]

1. d4 Nf6 2. c4 e6 3. Nf3 b6 4. g3 Bb7 5. Bg2 Be7 6. O-O O-O 7. Nc3 Ne4 8.
Nxe4 Bxe4 9. Nh4 Bxg2 10. Nxg2 d5 11. Qa4 1/2-1/2

[Event "TCh-CRO Gp1A"]
[Site "Sibenik CRO"]
[Date "2010.09.10"]
[Round "7"]
[White "Postny,E"]
[Black "Horvath,Cs1"]
[Result "1/2-1/2"]
[WhiteElo "2595"]
[BlackElo "2529"]
[EventDate "2010.09.04"]

1. d4 d5 2. c4 e6 3. Nf3 c6 4. g3 Nf6 5. Bg2 Be7 6. O-O O-O 7. Qc2 b6 8.
Rd1 Nbd7 9. Nc3 Ba6 10. b3 dxc4 11. bxc4 Bxc4 12. Nd2 Ba6 1/2-1/2

[Event "TCh-CRO Gp1A"]
[Site "Sibenik CRO"]
[Date "2010.09.10"]
[Round "7"]
[White "Komljenovic,D"]
[Black "Palac,M"]
[Result "1/2-1/2"]
[WhiteElo "2465"]
[BlackElo "2561"]
[EventDate "2010.09.04"]

1. d4 Nf6 2. c4 e6 3. Nf3 b6 4. g3 Bb4+ 5. Bd2 Be7 6. Nc3 Bb7 7. Bg2 c6 8.
e4 d5 9. exd5 cxd5 10. Ne5 O-O 11. O-O Nc6 12. cxd5 Nxe5 13. dxe5 Nxd5 14.
Nxd5 Bxd5 15. Bc3 Bxg2 16. Qxd8 Rfxd8 17. Kxg2 Rd5 18. Rfd1 Rad8 19. Rxd5
Rxd5 20. f4 f5 21. Rc1 Kf7 22. Be1 1/2-1/2

[Event "TCh-CRO Gp1A"]
[Site "Sibenik CRO"]
[Date "2010.09.10"]
[Round "7"]
[White "Dizdar,G"]
[Black "Feletar,D"]
[Result "1-0"]
[WhiteElo "2555"]
[BlackElo "2391"]
[EventDate "2010.09.04"]

1. d4 Nf6 2. Nf3 e6 3. c4 b6 4. g3 Ba6 5. Nbd2 Bb7 6. Bg2 Be7 7. O-O O-O 8.
Qc2 c5 9. e4 d5 10. dxc5 bxc5 11. cxd5 exd5 12. Rd1 d4 13. Ne5 Nfd7 14. Nd3
Nc6 15. Nc4 a5 16. Bd2 Nb4 17. Nxb4 axb4 18. a3 bxa3 19. bxa3 Bc6 20. a4
Ra6 21. a5 Qa8 22. Re1 Re8 23. Bf1 Ra7 24. Bd3 Bf8 25. f4 g6 26. e5 Bh1 27.
Be4 Bxe4 28. Qxe4 Qxe4 29. Rxe4 Nf6 30. Ree1 Nd5 31. Kg2 Ra6 32. Kf3 Rd8
33. Ke4 Be7 34. Kd3 Kf8 35. Reb1 Ra7 36. Rb5 Ke8 37. Rab1 Kd7 38. Rb7+ Rxb7
39. Rxb7+ Ke6 40. a6 Ra8 41. a7 h5 42. Na5 Bd8 43. Rb8 Nb6 44. Nc4 Bc7 45.
Nxb6 Bxb8 46. Nxa8 Bxa7 47. Nc7+ 1-0

[Event "TCh-CRO Gp1A"]
[Site "Sibenik CRO"]
[Date "2010.09.10"]
[Round "7"]
[White "Kutuzovic,B"]
[Black "Zelcic,R"]
[Result "1/2-1/2"]
[WhiteElo "2334"]
[BlackElo "2554"]
[EventDate "2010.09.04"]

1. e4 d5 2. exd5 Nf6 3. Nf3 Nxd5 4. d4 g6 5. c4 Nb6 6. h3 Bg7 7. Nc3 O-O 8.
Be2 Nc6 9. Be3 e5 10. d5 Ne7 11. g4 f5 12. Qb3 e4 13. Ng5 h6 14. Ne6 Bxe6
15. dxe6 f4 16. Bc5 e3 17. Rd1 Qe8 18. Bf3 Kh7 19. Nb5 Be5 20. O-O Rf6 21.
fxe3 fxe3 22. Bxe3 Rd8 23. Kg2 Rxe6 24. c5 Nbd5 25. Bxd5 Nxd5 26. Rxd5 Rxd5
27. Qxd5 c6 28. Qf3 cxb5 29. Qf7+ Bg7 30. Bd4 Re2+ 31. Kg3 Qe7 32. Rf3 h5
33. Qxe7 Rxe7 34. Bxg7 Kxg7 35. b4 hxg4 36. hxg4 Re4 37. a3 Rd4 38. Rc3 a6
39. Kh4 Rc4 40. Rd3 Kh6 41. Rd6 a5 42. bxa5 Rxc5 43. Rb6 Rc4 44. Rxb7 g5+
45. Kg3 Kg6 46. Rb6+ Kf7 47. Rxb5 Kf6 48. Rf5+ Kg6 49. Rb5 Kf6 50. Kf3 Rf4+
51. Kg3 1/2-1/2

[Event "TCh-CRO Gp1A"]
[Site "Sibenik CRO"]
[Date "2010.09.10"]
[Round "7"]
[White "Malakhov,V"]
[Black "Beliavsky,A"]
[Result "1-0"]
[WhiteElo "2725"]
[BlackElo "2632"]
[EventDate "2010.09.04"]

1. c4 c6 2. Nf3 d5 3. e3 Nf6 4. d4 Bg4 5. h3 Bxf3 6. Qxf3 e6 7. Nc3 Nbd7 8.
Bd3 Bd6 9. cxd5 exd5 10. g4 O-O 11. g5 Ne8 12. h4 Qe7 13. Bd2 f5 14. O-O-O
Nb6 15. Kb1 Nc4 16. Bc1 Nc7 17. Qh3 Qe6 18. Ne2 a5 19. Ng3 Bxg3 20. Qxg3
Nb5 21. a4 Nbd6 22. Qf4 b5 23. b3 Nb6 24. Ba3 b4 25. Bb2 Nbc4 26. Ba1 Ne4
27. bxc4 dxc4 28. Bxe4 fxe4 29. d5 cxd5 30. Qe5 Qf7 31. Bd4 Rae8 32. g6
hxg6 33. Qg5 c3 34. Rdg1 Qxf2 35. Rg2 Qf5 36. Qxg6 Qxg6 37. Rxg6 Rf7 38.
Rhg1 Ree7 39. h5 Kh7 40. h6 gxh6 41. Ra6 Rf5 42. Ra8 Rg5 43. Rh1 h5 44. Bf6
Rg2 45. Bxe7 Rb2+ 46. Ka1 b3 47. Bf6 Ra2+ 48. Kb1 Rb2+ 49. Kc1 Rc2+ 50. Kd1
Rb2 51. Rxh5+ Kg6 52. Bxc3 Rb1+ 53. Kd2 Kxh5 54. Rxa5 1-0

[Event "TCh-CRO Gp1A"]
[Site "Sibenik CRO"]
[Date "2010.09.10"]
[Round "7"]
[White "Lalic,B"]
[Black "Jovanovic,Zo CRO"]
[Result "1/2-1/2"]
[WhiteElo "2495"]
[BlackElo "2520"]
[EventDate "2010.09.04"]

1. d4 Nf6 2. c4 g6 3. Nc3 Bg7 4. e4 d6 5. Nf3 O-O 6. Be2 e5 7. Be3 c6 8.
O-O Na6 9. d5 Ng4 10. Bg5 f6 11. Bh4 c5 12. Ne1 h5 13. h3 Nh6 14. a3
1/2-1/2

[Event "TCh-CRO Gp1A"]
[Site "Sibenik CRO"]
[Date "2010.09.10"]
[Round "7"]
[White "Sermek,D"]
[Black "Zaja,I"]
[Result "1/2-1/2"]
[WhiteElo "2524"]
[BlackElo "2482"]
[EventDate "2010.09.04"]

1. e4 e5 2. Nf3 Nc6 3. Bc4 Bc5 4. c3 Nf6 5. d3 a6 6. Bb3 Ba7 7. O-O d6 8.
h3 h6 9. Re1 O-O 10. Be3 Bxe3 11. Rxe3 Re8 12. Nbd2 d5 13. Nf1 dxe4 14.
dxe4 Qxd1 15. Rxd1 Be6 16. Bxe6 Rxe6 17. Ng3 g6 18. Red3 Kf8 1/2-1/2

[Event "TCh-CRO Gp1A"]
[Site "Sibenik CRO"]
[Date "2010.09.10"]
[Round "7"]
[White "Muse,M"]
[Black "Fercec,N"]
[Result "1/2-1/2"]
[WhiteElo "2446"]
[BlackElo "2498"]
[EventDate "2010.09.04"]

1. Nf3 d5 2. g3 Nc6 3. Bg2 e5 4. d3 f6 5. O-O Bg4 6. c4 dxc4 7. Qa4 Qd7 8.
Qxc4 O-O-O 9. Be3 Nge7 10. Nbd2 Nd5 11. Rfc1 Nxe3 12. fxe3 Bh3 13. Bxh3
Qxh3 14. Ne4 Qd7 15. Qa4 Kb8 16. Nfd2 1/2-1/2

[Event "TCh-CRO Gp1A"]
[Site "Sibenik CRO"]
[Date "2010.09.10"]
[Round "7"]
[White "Leventic,I"]
[Black "Kovacevic,Vlat"]
[Result "1/2-1/2"]
[WhiteElo "2498"]
[BlackElo "2471"]
[EventDate "2010.09.04"]

1. e4 e6 2. d4 d5 3. Nd2 a6 4. Ngf3 c5 5. dxc5 Bxc5 6. Bd3 Nc6 7. O-O Nge7
8. c3 O-O 9. Qe2 Ng6 10. Nb3 Bd6 11. Rd1 Qc7 12. exd5 exd5 13. h3 Nce7 14.
Nbd4 Bd7 15. Qc2 Rfe8 16. Be3 h6 17. Nf5 Bxf5 18. Bxf5 Nxf5 19. Qxf5 Rad8
20. Rd2 Bf4 21. Bxf4 Nxf4 22. g3 Ng6 23. Rad1 Ne7 24. Qg4 Qb6 25. Kg2 Kf8
26. Ne5 Kg8 27. Nf3 Kf8 28. Ne5 Kg8 29. Nf3 1/2-1/2

[Event "TCh-CRO Gp1A"]
[Site "Sibenik CRO"]
[Date "2010.09.10"]
[Round "7"]
[White "Brkic,A"]
[Black "Sertic,Ru"]
[Result "1/2-1/2"]
[WhiteElo "2564"]
[BlackElo "2422"]
[EventDate "2010.09.04"]

1. e4 c5 2. Nf3 e6 3. d4 cxd4 4. Nxd4 a6 5. Be2 Nf6 6. Nc3 Qc7 7. O-O Nc6
8. Be3 Be7 9. f4 d6 10. a4 O-O 11. Kh1 Bd7 12. Nb3 b6 13. Bf3 Rab8 14. Qe2
Nb4 15. Rad1 Rfc8 16. Qd2 Be8 17. Qf2 Nd7 18. Rd2 Nc5 19. Nxc5 bxc5 20. f5
e5 21. g4 f6 22. h4 Bf7 23. g5 Nc6 24. b3 Nd4 25. Bg4 Qa5 26. Nd5 Bxd5 27.
exd5 Rf8 28. g6 h6 29. Rd3 Rfc8 30. Bd2 Qc7 31. Rc3 Qb7 32. Qg2 Bf8 33. Rc4
Re8 34. Qe4 Qd7 35. Rd1 Rb7 36. Be1 Reb8 37. Kg2 Be7 38. Bd2 Bd8 39. Rf1
Kh8 40. Rf2 Kg8 41. Kh1 Kh8 42. Bh3 Qe8 43. Bg2 Kg8 44. Qg4 Be7 45. Be4 Bf8
46. Bd3 Kh8 47. Rf1 Kg8 48. Re1 Kh8 49. Qd1 Qd7 50. Qg4 Qe8 51. b4 Qd7 52.
c3 Nb3 53. Qd1 1/2-1/2

[Event "TCh-CRO Gp1A"]
[Site "Sibenik CRO"]
[Date "2010.09.10"]
[Round "7"]
[White "Mrkonjic,N"]
[Black "Ruck,R1"]
[Result "0-1"]
[WhiteElo "2394"]
[BlackElo "2555"]
[EventDate "2010.09.04"]

1. d4 Nf6 2. Nf3 g6 3. g3 Bg7 4. Bg2 d5 5. c4 dxc4 6. Qa4+ Nfd7 7. Qxc4 Nc6
8. e3 O-O 9. O-O e5 10. dxe5 Ndxe5 11. Nxe5 Nxe5 12. Qc2 c6 13. Nc3 Be6 14.
Bd2 Qd3 15. Rfc1 Rfd8 16. Be1 Bc4 17. Qxd3 Nxd3 18. Rc2 Nb4 19. Rcc1 Be6
20. Bf1 Bf5 21. e4 Bg4 22. h3 Be6 23. Kg2 a5 24. a3 Nd3 25. Bxd3 Rxd3 26.
Rd1 Rxd1 27. Rxd1 b5 28. Rc1 Bb3 29. f4 Rd8 30. e5 f6 31. Nb1 fxe5 32. Bxa5
Rd3 33. Kf2 exf4 34. gxf4 Bd5 35. Bc3 Rf3+ 36. Ke2 Rxh3 37. Bxg7 Kxg7 38.
Nc3 Bc4+ 39. Kf2 Rh2+ 40. Ke3 Rxb2 41. Rd1 Rb3 42. Rd7+ Kf6 43. Kd2 Rxa3
44. Rxh7 Kf5 45. Rc7 b4 46. Nd1 Rd3+ 47. Ke1 Bd5 48. Ke2 Ra3 49. Ne3+ Kxf4
50. Nxd5+ cxd5 51. Rb7 Rb3 52. Rd7 Ke4 53. Rg7 Rb2+ 54. Kd1 Kd3 55. Kc1 Rg2
0-1

[Event "TCh-CRO Gp1A"]
[Site "Sibenik CRO"]
[Date "2010.09.10"]
[Round "7"]
[White "Rogic,D"]
[Black "Vargic,D"]
[Result "1-0"]
[WhiteElo "2591"]
[BlackElo "2360"]
[EventDate "2010.09.04"]

1. e4 e6 2. d4 d5 3. Nd2 Nf6 4. e5 Nfd7 5. Bd3 c5 6. c3 Nc6 7. Ne2 cxd4 8.
cxd4 Qb6 9. Nf3 f6 10. exf6 Nxf6 11. O-O Bd6 12. Rb1 O-O 13. Bf4 Bxf4 14.
Nxf4 Bd7 15. Ne2 Rae8 16. Qb3 Qxb3 17. axb3 Nb4 18. Ne5 Nxd3 19. Nxd3 Bb5
20. Rfd1 Ng4 21. f3 Ne3 22. Rd2 Nf5 23. Re1 Re7 24. Rc1 Rd8 25. Kf2 Bxd3
26. Rxd3 Kf7 27. Rdc3 Kf6 28. g4 Nd6 29. h4 Nb5 30. Rc5 a6 31. f4 h5 32.
g5+ Kg6 33. Re1 Rf8 34. Ke3 Nd6 35. Rh1 Ne4 36. Rc2 Ref7 37. Rf1 Rd8 38.
Rf3 Nd6 39. Kd3 Rdd7 40. Ng3 Rde7 41. Re2 Nf5 42. Nxf5 Rxf5 43. Ke3 Kf7 44.
Rc2 g6 45. Kf2 Rd7 46. Kg3 Ke7 47. Re3 Rf8 48. Rc5 Kd6 49. b4 Rdf7 50. Rf3
Rc7 51. Ra3 Rcf7 52. Rf3 Rc7 53. Rfc3 Rcf7 54. b5 Rxf4 55. bxa6 Rg4+ 56.
Kh3 Rxd4 57. axb7 Rb8 58. Rc6+ Ke5 59. Rb6 Rc4 60. Re3+ Re4 61. Ra3 Rf4 62.
Raa6 Rf3+ 63. Kg2 Rf7 64. Rxe6+ Kd4 65. Ra4+ Kc5 66. Ra5+ Kd4 67. Rd6 Rfxb7
68. Raxd5+ Ke4 69. Rd4+ Ke3 70. Rd3+ Ke4 71. b3 Rxb3 72. Rxb3 Rxb3 73. Rxg6
1-0

[Event "TCh-CRO Gp1A"]
[Site "Sibenik CRO"]
[Date "2010.09.10"]
[Round "7"]
[White "Drmic,T"]
[Black "Ribli,Z"]
[Result "0-1"]
[WhiteElo "2302"]
[BlackElo "2555"]
[EventDate "2010.09.04"]

1. e4 c5 2. d3 Nc6 3. f4 g6 4. Nf3 Bg7 5. Be2 d6 6. c3 e5 7. O-O Nge7 8.
fxe5 dxe5 9. Be3 b6 10. Qc1 O-O 11. Nbd2 h6 12. Nb3 Kh7 13. Qc2 Be6 14.
Rad1 Rc8 15. Qb1 Rc7 16. Rd2 Qc8 17. Rfd1 Rd8 18. Na1 f5 19. Nc2 f4 20. Bf2
g5 21. h3 Bf7 22. b3 Bg6 23. Bf1 Rf8 24. Re1 Ng8 25. d4 cxd4 26. cxd4 exd4
27. Ncxd4 Nxd4 28. Nxd4 Rd8 29. Nf3 Rxd2 30. Nxd2 Rc2 31. Nc4 Rxf2 32. Kxf2
Qc5+ 33. Ke2 Bh5+ 34. g4 fxg3 0-1

[Event "TCh-CRO Gp1A"]
[Site "Sibenik CRO"]
[Date "2010.09.10"]
[Round "7"]
[White "Gashimov,V"]
[Black "Eljanov,P"]
[Result "1-0"]
[WhiteElo "2719"]
[BlackElo "2761"]
[EventDate "2010.09.04"]

1. e4 e5 2. Nf3 Nc6 3. Bb5 a6 4. Ba4 Nf6 5. O-O Be7 6. Re1 b5 7. Bb3 d6 8.
c3 O-O 9. h3 Na5 10. Bc2 c5 11. d4 Nd7 12. a4 b4 13. cxb4 cxb4 14. Nbd2
exd4 15. Nxd4 Bf6 16. N2b3 Ne5 17. Nxa5 Qxa5 18. Bb3 Bb7 19. Nf5 Rad8 20.
Qe2 Ng6 21. Rd1 d5 22. Qh5 Rfe8 23. Bg5 Bxg5 24. Qxg5 Rxe4 25. h4 h6 26.
Qg3 Bc8 27. Ne3 Ne7 28. Rac1 Nf5 29. Nxf5 Bxf5 30. Rc6 d4 31. Qc7 Qxc7 32.
Rxc7 Bg6 33. Bc4 d3 34. Rd2 Rxh4 35. Bxa6 Rd5 36. Rc4 Rdd4 37. Rxd4 Rxd4
38. f3 b3 39. Bb5 Rb4 40. Kf2 Kh7 41. Ke3 h5 42. Rxd3 Bxd3 43. Kxd3 Kh6 44.
Kc3 Rf4 45. a5 Rf5 46. Kb4 Re5 47. a6 Re7 48. Kxb3 Kg5 49. Kc4 Kf4 50. Bc6
Kg3 51. f4 1-0

[Event "TCh-CRO Gp1A"]
[Site "Sibenik CRO"]
[Date "2010.09.10"]
[Round "7"]
[White "Movsesian,S"]
[Black "Grachev,B"]
[Result "1/2-1/2"]
[WhiteElo "2723"]
[BlackElo "2668"]
[EventDate "2010.09.04"]

1. e4 c5 2. Nf3 e6 3. d4 cxd4 4. Nxd4 a6 5. Nc3 Qc7 6. Be2 Nf6 7. O-O d6 8.
f4 Be7 9. a4 O-O 10. Kh1 b6 11. Bf3 Bb7 12. e5 dxe5 13. fxe5 Nfd7 14. Bxb7
Qxb7 15. Bf4 Nc6 16. Qf3 Rac8 17. Rad1 1/2-1/2

[Event "TCh-CRO Gp1A"]
[Site "Sibenik CRO"]
[Date "2010.09.10"]
[Round "7"]
[White "Stevic,H"]
[Black "Kozul,Z"]
[Result "1/2-1/2"]
[WhiteElo "2607"]
[BlackElo "2604"]
[EventDate "2010.09.04"]

1. e4 c5 2. d3 g6 3. f4 Bg7 4. Nf3 d5 5. Be2 Nc6 6. O-O Nf6 7. e5 Ng4 8. d4
cxd4 9. Nxd4 h5 10. c3 Qb6 11. Na3 f6 12. Qd3 Bf5 13. Qb5 fxe5 14. Qxb6
axb6 15. Nxf5 gxf5 16. h3 Nf6 17. fxe5 Ne4 18. Rxf5 Ng3 19. Rf2 Bxe5 20.
Bf3 O-O-O 21. Be3 d4 22. cxd4 Bxd4 23. Nc2 Bxe3 24. Nxe3 Ne5 25. Kh2 h4 26.
Bg4+ Kb8 27. Nf5 Rhf8 28. Kg1 Nd3 29. Rf3 Nxf5 30. Rxf5 Rxf5 31. Bxf5 Nf4
32. Kf2 Rf8 33. Bg4 Nxh3+ 34. Ke3 Nf4 35. Bf3 h3 36. gxh3 Nxh3 37. Rd1 Ng5
38. Bg2 Rc8 39. Rd7 Rc7 40. Rxc7 Kxc7 41. Kd4 Ne6+ 42. Ke5 Nc5 43. Bf1 Na4
44. b3 Nc3 45. a4 Na2 46. Ke6 Kd8 47. Bg2 Nc1 48. b4 Nd3 49. Bxb7 Nxb4 50.
Be4 Na6 51. Bc6 Nc5+ 52. Kd5 Nb3 53. Bb5 Na5 54. Ke6 Nb7 55. Kd5 Kc7
1/2-1/2